[Event "Winnipeg TNT March op"]
[Site "Winnipeg CAN"]
[Date "2013.03.05"]
[Round "1"]
[White "De Groot, Steven"]
[Black "Samson, Larry"]
[Result "1-0"]
[WhiteElo "1987"]
[BlackElo "1555"]
[PlyCount "99"]
[GameId "2160767909381399"]
[EventDate "2013.03.05"]
[EventType "swiss"]
[EventRounds "4"]
[EventCountry "CAN"]
[SourceTitle "EXT 2022"]
[Source "ChessBase"]
[SourceDate "2021.10.06"]
[SourceVersion "1"]
[SourceVersionDate "2021.10.06"]
[SourceQuality "1"]

1. c4 Nf6 2. Nc3 g6 3. g3 Bg7 4. Bg2 d6 5. d3 Nbd7 6. e4 c6 7. Nge2 e5 8. O-O O-O 9. h3 h6 10. Be3 Qe7 11. Qd2 Kh7 12. Rae1 Rh8 13. f4 Nf8 14. b3 Kg8 15. d4 N6d7 16. f5 g5 17. g4 Nf6 18. Ng3 N8h7 19. Qf2 b6 20. c5 dxc5 21. dxc5 b5 22. Rd1 Ba6 23. b4 Qc7 24. Rd3 Bf8 25. Rfd1 Kg7 26. Qb2 Rg8 27. Nb1 Be7 28. Nd2 Rad8 29. Nf3 Rxd3 30. Rxd3 Nd7 31. Qd2 Rd8 32. Qc3 Nhf6 33. Bc1 Re8 34. Bb2 Bf8 35. Qd2 Bc8 36. Nxg5 hxg5 37. Qxg5+ Kh8 38. Qh4+ Nh7 39. g5 Qd8 40. f6 Re6 41. Qh5 Qe8 42. Bf3 Nb8 43. Bg4 Bxc5+ 44. bxc5 Qg8 45. Bxe6 Bxe6 46. h4 Nd7 47. Nf5 Nxc5 48. Ne7 Qe8 49. Qh6 Qf8 50. Rd8 1-0

[Event "Winnipeg TNT March op"]
[Site "Winnipeg CAN"]
[Date "2013.03.05"]
[Round "1"]
[White "Dykman, Tony"]
[Black "Platt, Alex"]
[Result "0-1"]
[WhiteElo "1261"]
[BlackElo "1927"]
[PlyCount "56"]
[GameId "2160767909381400"]
[EventDate "2013.03.05"]
[EventType "swiss"]
[EventRounds "4"]
[EventCountry "CAN"]
[SourceTitle "EXT 2022"]
[Source "ChessBase"]
[SourceDate "2021.10.06"]
[SourceVersion "1"]
[SourceVersionDate "2021.10.06"]
[SourceQuality "1"]

1. e4 c5 2. Nf3 d6 3. d4 cxd4 4. Nxd4 Nf6 5. Bg5 Nxe4 6. Be3 e6 7. Nc3 Nxc3 8. bxc3 Be7 9. Bd3 Nd7 10. Bb5 O-O 11. Bd3 a6 12. Nf3 Qc7 13. Bd2 Bf6 14. Nd4 b6 15. Rb1 Bb7 16. f3 Ne5 17. O-O Nc4 18. Bxc4 Qxc4 19. Ra1 Rac8 20. Qe2 Qxe2 21. Nxe2 Rc4 22. Rab1 b5 23. Rb4 Rfc8 24. Rxc4 Rxc4 25. h3 Kf8 26. g4 b4 27. cxb4 Rxc2 28. Rd1 Bxf3 0-1

[Event "Winnipeg TNT March op"]
[Site "Winnipeg CAN"]
[Date "2013.03.05"]
[Round "1"]
[White "Le Dorze, Philippe"]
[Black "Dawa, Arvin"]
[Result "0-1"]
[WhiteElo "1788"]
[BlackElo "2133"]
[PlyCount "63"]
[GameId "2160767909381401"]
[EventDate "2013.03.05"]
[EventType "swiss"]
[EventRounds "4"]
[EventCountry "CAN"]
[SourceTitle "EXT 2022"]
[Source "ChessBase"]
[SourceDate "2021.10.06"]
[SourceVersion "1"]
[SourceVersionDate "2021.10.06"]
[SourceQuality "1"]

1. d4 Nf6 2. c4 g6 3. Nc3 Bg7 4. e4 d6 5. Nf3 O-O 6. Be2 e5 7. O-O Nc6 8. Be3 Ng4 9. Bg5 f6 10. Bh4 g5 11. Bg3 Nh6 12. d5 Ne7 13. h4 Nf7 14. Nh2 Ng6 15. hxg5 fxg5 16. Ng4 h5 17. Ne3 g4 18. f4 exf4 19. Bxf4 Nxf4 20. Rxf4 Bh6 21. Qf1 Bxf4 22. Qxf4 Qg5 23. Qf2 Ne5 24. Nf5 Bxf5 25. exf5 Rxf5 26. Qd4 Qf4 27. Ne4 Qh6 28. Rf1 Rxf1+ 29. Bxf1 h4 30. c5 h3 31. cxd6 cxd6 32. Qb4 0-1

[Event "Winnipeg TNT March op"]
[Site "Winnipeg CAN"]
[Date "2013.03.05"]
[Round "1"]
[White "Leaden, Bruce"]
[Black "Green, Aaron"]
[Result "0-1"]
[WhiteElo "1611"]
[BlackElo "2005"]
[PlyCount "52"]
[GameId "2160767909381402"]
[EventDate "2013.03.05"]
[EventType "swiss"]
[EventRounds "4"]
[EventCountry "CAN"]
[SourceTitle "EXT 2022"]
[Source "ChessBase"]
[SourceDate "2021.10.06"]
[SourceVersion "1"]
[SourceVersionDate "2021.10.06"]
[SourceQuality "1"]

1. e4 c5 2. Nc3 d6 3. f4 Nc6 4. Bb5 Bd7 5. Nf3 Nf6 6. O-O a6 7. Bxc6 Bxc6 8. d3 g6 9. Qe1 Bg7 10. Qh4 O-O 11. f5 Qb6 12. Bh6 Qxb2 13. Bxg7 Kxg7 14. Ne2 Qxc2 15. Nf4 Rae8 16. Rf2 Qc3 17. g4 Qxa1+ 18. Kg2 h5 19. fxg6 fxg6 20. Ne6+ Kh8 21. Nxf8 Rxf8 22. Ng5 Qd1 23. gxh5 Qxh5 24. Qxh5+ gxh5 25. h4 b5 26. a3 b4 0-1

[Event "Winnipeg TNT March op"]
[Site "Winnipeg CAN"]
[Date "2013.03.05"]
[Round "1"]
[White "Melamedoff, Gustavo"]
[Black "Towns, Barry"]
[Result "1-0"]
[WhiteElo "2086"]
[BlackElo "1737"]
[PlyCount "32"]
[GameId "2160767909381403"]
[EventDate "2013.03.05"]
[EventType "swiss"]
[EventRounds "4"]
[EventCountry "CAN"]
[SourceTitle "EXT 2022"]
[Source "ChessBase"]
[SourceDate "2021.10.06"]
[SourceVersion "1"]
[SourceVersionDate "2021.10.06"]
[SourceQuality "1"]

1. e4 e5 2. Nf3 d6 3. d4 Bg4 4. dxe5 Bxf3 5. Qxf3 dxe5 6. Bc4 Qf6 7. Qb3 Bc5 8. O-O Nc6 9. Be3 Bb6 10. Nc3 Nge7 11. Nd5 Nxd5 12. exd5 Na5 13. Qa4+ c6 14. dxc6 Qxc6 15. Bb5 O-O 16. Bxc6 Nxc6 1-0

[Event "Winnipeg TNT March op"]
[Site "Winnipeg CAN"]
[Date "2013.03.05"]
[Round "1"]
[White "Mundwiler, Les"]
[Black "Reimer, Bruce"]
[Result "1-0"]
[WhiteElo "2035"]
[BlackElo "1641"]
[PlyCount "59"]
[GameId "2160767909381404"]
[EventDate "2013.03.05"]
[EventType "swiss"]
[EventRounds "4"]
[EventCountry "CAN"]
[SourceTitle "EXT 2022"]
[Source "ChessBase"]
[SourceDate "2021.10.06"]
[SourceVersion "1"]
[SourceVersionDate "2021.10.06"]
[SourceQuality "1"]

1. d4 Nf6 2. c4 e6 3. a3 d5 4. Nc3 c5 5. e3 Nc6 6. Nf3 Be7 7. dxc5 Bxc5 8. b4 Be7 9. Bb2 O-O 10. Qc2 a6 11. Rd1 Qc7 12. cxd5 exd5 13. Nxd5 Nxd5 14. Rxd5 Be6 15. Rd1 Rfd8 16. Be2 Rxd1+ 17. Bxd1 Rd8 18. O-O Rd7 19. Be2 Qd8 20. h3 Rc7 21. Qb1 Qc8 22. Qa1 Bxh3 23. gxh3 Qxh3 24. Be5 Nxe5 25. Qxe5 Rc6 26. Qxe7 Qg4+ 27. Kh1 Qh3+ 28. Nh2 g6 29. Qxb7 Rc4 30. Bxc4 1-0

[Event "Winnipeg TNT March op"]
[Site "Winnipeg CAN"]
[Date "2013.03.05"]
[Round "1"]
[White "Trueman, Francis"]
[Black "Boron, Anthony"]
[Result "0-1"]
[WhiteElo "1457"]
[BlackElo "1980"]
[PlyCount "52"]
[GameId "2160767909381406"]
[EventDate "2013.03.05"]
[EventType "swiss"]
[EventRounds "4"]
[EventCountry "CAN"]
[SourceTitle "EXT 2022"]
[Source "ChessBase"]
[SourceDate "2021.10.06"]
[SourceVersion "1"]
[SourceVersionDate "2021.10.06"]
[SourceQuality "1"]

1. Nf3 Nf6 2. d3 d5 3. Nbd2 Bf5 4. g3 c6 5. Bg2 h6 6. O-O Nbd7 7. Re1 e6 8. e4 dxe4 9. dxe4 Bh7 10. Qe2 Bc5 11. h3 Qc7 12. e5 Nd5 13. c3 a5 14. Nc4 O-O 15. g4 b5 16. Ncd2 Nf4 17. Qd1 Nd3 18. Re2 N7xe5 19. Nxe5 Nxe5 20. Ne4 Rad8 21. Bd2 Bb6 22. Kh1 Nd3 23. g5 hxg5 24. Qg1 Nf4 25. Ree1 Nxg2 26. Qxg2 Bxe4 0-1

[Event "Winnipeg TNT March op"]
[Site "Winnipeg CAN"]
[Date "2013.03.05"]
[Round "1"]
[White "Wasserman, Leor"]
[Black "Smith, Nick J"]
[Result "1-0"]
[WhiteElo "1957"]
[BlackElo "1435"]
[PlyCount "45"]
[GameId "2160767909381407"]
[EventDate "2013.03.05"]
[EventType "swiss"]
[EventRounds "4"]
[EventCountry "CAN"]
[SourceTitle "EXT 2022"]
[Source "ChessBase"]
[SourceDate "2021.10.06"]
[SourceVersion "1"]
[SourceVersionDate "2021.10.06"]
[SourceQuality "1"]

1. e4 e5 2. Nf3 Nc6 3. Bc4 Nf6 4. Ng5 Qe7 5. Bxf7+ Kd8 6. Bb3 Ke8 7. O-O h6 8. Nf7 Rh7 9. Nc3 d6 10. Nd5 Qxf7 11. Nb6 Qe7 12. Nxa8 b6 13. d3 Bb7 14. Nxc7+ Qxc7 15. f4 Qe7 16. fxe5 dxe5 17. Be3 Bc8 18. Qe1 Be6 19. Qc3 Bxb3 20. Qxc6+ Kf7 21. axb3 Kg8 22. Rf3 Qb4 23. Raf1 1-0

[Event "Winnipeg TNT March op"]
[Site "Winnipeg CAN"]
[Date "2013.03.05"]
[Round "1"]
[White "Wolchock, Theo"]
[Black "Kernetsky, Myron"]
[Result "0-1"]
[WhiteElo "1706"]
[BlackElo "2057"]
[PlyCount "82"]
[GameId "2160767909381408"]
[EventDate "2013.03.05"]
[EventType "swiss"]
[EventRounds "4"]
[EventCountry "CAN"]
[SourceTitle "EXT 2022"]
[Source "ChessBase"]
[SourceDate "2021.10.06"]
[SourceVersion "1"]
[SourceVersionDate "2021.10.06"]
[SourceQuality "1"]

1. c4 c5 2. g3 Nc6 3. Bg2 g6 4. Nc3 Bg7 5. e3 d6 6. Nge2 e5 7. O-O Nge7 8. d3 O-O 9. a3 Rb8 10. Rb1 a5 11. Nb5 Be6 12. Bd2 d5 13. cxd5 Bxd5 14. Bxd5 Qxd5 15. Qc2 Rfd8 16. Rfd1 Qxd3 17. Qxd3 Rxd3 18. Rbc1 Rbd8 19. Rc2 R3d7 20. Nbc3 f5 21. Na4 Rd5 22. Nxc5 b6 23. Ne6 R8d7 24. Nxg7 Kxg7 25. Nc3 Rc5 26. Rdc1 Kf7 27. Na4 Rxc2 28. Rxc2 b5 29. Nc5 Rd5 30. Kf1 e4 31. Nb3 a4 32. Nc5 Ne5 33. Bb4 N7c6 34. Na6 Rd1+ 35. Ke2 Rh1 36. h4 Rh2 37. Nc7 Nxb4 38. axb4 Nd3 39. Nxb5 Rxf2+ 40. Kd1 Nxb2+ 41. Kc1 Nd3+ 0-1

[Event "Winnipeg TNT March op"]
[Site "Winnipeg CAN"]
[Date "2013.03.12"]
[Round "2"]
[White "Boron, Anthony"]
[Black "Melamedoff, Gustavo"]
[Result "1/2-1/2"]
[WhiteElo "1980"]
[BlackElo "2086"]
[PlyCount "79"]
[GameId "2160767909381409"]
[EventDate "2013.03.05"]
[EventType "swiss"]
[EventRounds "4"]
[EventCountry "CAN"]
[SourceTitle "EXT 2022"]
[Source "ChessBase"]
[SourceDate "2021.10.06"]
[SourceVersion "1"]
[SourceVersionDate "2021.10.06"]
[SourceQuality "1"]

1. e4 Nf6 2. e5 Nd5 3. d4 d6 4. Nf3 Bg4 5. Be2 Nc6 6. h3 Bxf3 7. Bxf3 e6 8. exd6 Bxd6 9. O-O Qf6 10. c4 Nf4 11. Bxc6+ bxc6 12. Qf3 Qxd4 13. Qxc6+ Ke7 14. Nc3 Nd3 15. Nb5 Qb6 16. Qxb6 axb6 17. Nxd6 cxd6 18. b3 Nxc1 19. Rfxc1 Ra3 20. Rc2 Rha8 21. b4 R3a4 22. c5 bxc5 23. bxc5 dxc5 24. Rxc5 Rxa2 25. Rxa2 Rxa2 26. Rc7+ Kf6 27. Rc4 h5 28. Rf4+ Ke7 29. Rb4 f5 30. h4 Kf6 31. g3 g5 32. hxg5+ Kxg5 33. Rb8 Ra4 34. Re8 Re4 35. Rg8+ Kf6 36. Rh8 Kg6 37. Rg8+ Kh7 38. Re8 e5 39. f3 Re3 40. Kf2 1/2-1/2

[Event "Winnipeg TNT March op"]
[Site "Winnipeg CAN"]
[Date "2013.03.12"]
[Round "2"]
[White "Dawa, Arvin"]
[Black "Green, Aaron"]
[Result "1-0"]
[WhiteElo "2133"]
[BlackElo "2005"]
[PlyCount "91"]
[GameId "2160767909381410"]
[EventDate "2013.03.05"]
[EventType "swiss"]
[EventRounds "4"]
[EventCountry "CAN"]
[SourceTitle "EXT 2022"]
[Source "ChessBase"]
[SourceDate "2021.10.06"]
[SourceVersion "1"]
[SourceVersionDate "2021.10.06"]
[SourceQuality "1"]

1. d4 Nf6 2. Nf3 g6 3. c4 Bg7 4. Nc3 d6 5. e4 O-O 6. Be2 e5 7. O-O Nc6 8. d5 Ne7 9. Ne1 Ne8 10. Be3 f5 11. f3 f4 12. Bf2 g5 13. Rc1 Ng6 14. c5 Rf7 15. a4 h5 16. cxd6 cxd6 17. Nb5 a6 18. Na3 Nf6 19. Nc4 g4 20. a5 g3 21. hxg3 fxg3 22. Bxg3 h4 23. Bh2 Nh5 24. Nb6 Bh6 25. Rc3 Ngf4 26. Kf2 Ng3 27. Nxa8 Nfxe2 28. Ra3 Nxf1 29. Kxf1 Ng3+ 30. Bxg3 hxg3 31. Nb6 Bd7 32. Nxd7 Qxd7 33. Qd3 Rf8 34. b4 Rc8 35. Rc3 Kf7 36. Rxc8 Qxc8 37. Qc2 Qd7 38. Qc4 Bg5 39. Ke2 Qa4 40. Nc2 Qd7 41. Ne3 Bxe3 42. Kxe3 Qd8 43. f4 Kg7 44. Qe2 exf4+ 45. Kxf4 Qh4+ 46. Qg4+ 1-0

[Event "Winnipeg TNT March op"]
[Site "Winnipeg CAN"]
[Date "2013.03.12"]
[Round "2"]
[White "Green, Jim"]
[Black "Swift, Ryne"]
[Result "1/2-1/2"]
[WhiteElo "1753"]
[BlackElo "1864"]
[PlyCount "81"]
[GameId "2160767909381411"]
[EventDate "2013.03.05"]
[EventType "swiss"]
[EventRounds "4"]
[EventCountry "CAN"]
[SourceTitle "EXT 2022"]
[Source "ChessBase"]
[SourceDate "2021.10.06"]
[SourceVersion "1"]
[SourceVersionDate "2021.10.06"]
[SourceQuality "1"]

1. e4 e5 2. Nf3 Nc6 3. d4 exd4 4. Nxd4 Nf6 5. Nxc6 bxc6 6. e5 Nd5 7. c4 Nb6 8. Nc3 Be7 9. Qg4 g6 10. Qf3 O-O 11. Bf4 f6 12. Qg3 fxe5 13. Bxe5 Bh4 14. Qd3 Re8 15. Qd4 d6 16. O-O-O dxe5 17. Qc5 Qe7 18. Qxc6 Bf5 19. Bd3 Bg5+ 20. Kc2 Qd7 21. Qxd7 Bxd7 22. c5 Nc8 23. Bxg6 Ba4+ 24. Nxa4 hxg6 25. Rd7 Ne7 26. Rhd1 Nc6 27. Rxc7 Nd4+ 28. Kd3 Re7 29. Rxe7 Bxe7 30. Kc4 Kf7 31. b4 Ke6 32. Nc3 Rh8 33. h3 Rh4 34. g3 Rxh3 35. a4 Rh8 36. Nb5 Nxb5 37. Kxb5 Rb8+ 38. Kc4 a5 39. b5 Rc8 40. Rd5 Rf8 41. Rd2 1/2-1/2

[Event "Winnipeg TNT March op"]
[Site "Winnipeg CAN"]
[Date "2013.03.12"]
[Round "2"]
[White "Kernetsky, Myron"]
[Black "Wasserman, Leor"]
[Result "1-0"]
[WhiteElo "2057"]
[BlackElo "1957"]
[PlyCount "85"]
[GameId "2160767909381412"]
[EventDate "2013.03.05"]
[EventType "swiss"]
[EventRounds "4"]
[EventCountry "CAN"]
[SourceTitle "EXT 2022"]
[Source "ChessBase"]
[SourceDate "2021.10.06"]
[SourceVersion "1"]
[SourceVersionDate "2021.10.06"]
[SourceQuality "1"]

1. d4 Nf6 2. Nf3 e6 3. c4 d5 4. Nc3 Bb4 5. Qa4+ Nc6 6. e3 Bd7 7. Qc2 O-O 8. Bd2 Re8 9. cxd5 exd5 10. Be2 Bxc3 11. Bxc3 Ne4 12. O-O Bf5 13. Qb3 Qd7 14. Rfc1 Qe6 15. Be1 Nd6 16. Rc5 Be4 17. Ng5 Qg6 18. Nxe4 dxe4 19. Rac1 Nf5 20. Qxb7 Nh4 21. Bf1 Ne7 22. Qxc7 Nef5 23. Qf4 h6 24. h3 Rab8 25. b3 Qf6 26. Rc6 g5 27. Qxb8 Qxc6 28. Rxc6 Rxb8 29. b4 Ng6 30. b5 Nfe7 31. Rc7 Nc8 32. Bb4 a6 33. a4 Nb6 34. Bc5 Nxa4 35. bxa6 Kg7 36. a7 Ra8 37. Bc4 Nc3 38. Rxf7+ Kh8 39. Rb7 Na4 40. Rb8+ Kg7 41. Rxa8 Nxc5 42. dxc5 Kf6 43. Rd8 1-0

[Event "Winnipeg TNT March op"]
[Site "Winnipeg CAN"]
[Date "2013.03.12"]
[Round "2"]
[White "Platt, Alex"]
[Black "Mundwiler, Les"]
[Result "1/2-1/2"]
[WhiteElo "1927"]
[BlackElo "2035"]
[PlyCount "81"]
[GameId "2160767909381414"]
[EventDate "2013.03.05"]
[EventType "swiss"]
[EventRounds "4"]
[EventCountry "CAN"]
[SourceTitle "EXT 2022"]
[Source "ChessBase"]
[SourceDate "2021.10.06"]
[SourceVersion "1"]
[SourceVersionDate "2021.10.06"]
[SourceQuality "1"]

1. e4 e5 2. Nf3 Nc6 3. d4 exd4 4. Nxd4 Bc5 5. Be3 Qf6 6. c3 Nge7 7. Bc4 O-O 8. O-O Ne5 9. Bb3 d6 10. Qd2 Qg6 11. Kh1 Qxe4 12. Bg5 N7g6 13. f4 Bxd4 14. cxd4 Nd3 15. Bc2 Bf5 16. Nc3 Qxd4 17. Rf3 f6 18. Bxd3 fxg5 19. Nb5 Qb6 20. fxg5 Bxd3 21. Rxf8+ Rxf8 22. Qxd3 Qf2 23. Nxc7 Nf4 24. Qf3 Qxf3 25. gxf3 Rf5 26. h4 Kf7 27. Rd1 Ke7 28. a4 a6 29. Na8 d5 30. Rc1 Kd6 31. Rc7 Ne6 32. Rxb7 a5 33. Kg2 d4 34. Rb6+ Kd5 35. Rb5+ Nc5 36. Nb6+ Kc6 37. Nc4 d3 38. Nd2 Rf4 39. Kf2 Rxh4 40. Rxa5 Rh2+ 41. Ke3 1/2-1/2

[Event "Winnipeg TNT March op"]
[Site "Winnipeg CAN"]
[Date "2013.03.12"]
[Round "2"]
[White "Reimer, Bruce"]
[Black "Trueman, Francis"]
[Result "1-0"]
[WhiteElo "1641"]
[BlackElo "1457"]
[PlyCount "85"]
[GameId "2160767909381415"]
[EventDate "2013.03.05"]
[EventType "swiss"]
[EventRounds "4"]
[EventCountry "CAN"]
[SourceTitle "EXT 2022"]
[Source "ChessBase"]
[SourceDate "2021.10.06"]
[SourceVersion "1"]
[SourceVersionDate "2021.10.06"]
[SourceQuality "1"]

1. c4 Nf6 2. g3 d6 3. Bg2 g6 4. Nc3 Bg7 5. e4 e5 6. Nge2 Nbd7 7. d4 O-O 8. Bg5 Re8 9. Qd2 c6 10. O-O Qe7 11. d5 c5 12. Nb5 Nb6 13. b3 a6 14. Nbc3 Nbd7 15. h4 h5 16. Bh3 Nf8 17. Bxc8 Raxc8 18. f3 N8h7 19. Bh6 Nd7 20. Bxg7 Kxg7 21. Nd1 Kh8 22. Nf2 Rg8 23. Nh3 g5 24. hxg5 Nxg5 25. Nxg5 Rxg5 26. Kf2 Nf6 27. Rh1 Rcg8 28. Rag1 R8g7 29. g4 Rh7 30. Ke1 Rgg7 31. Ng3 Qf8 32. Nf5 Rg8 33. g5 Ne8 34. Rh4 Rg6 35. Qh2 Ng7 36. Nxg7 Qxg7 37. Rxh5 f6 38. Rh1 Rxh5 39. Qxh5+ Kg8 40. Qg4 Rxg5 41. Qe6+ Kf8 42. Qxd6+ Ke8 43. Qb8+ 1-0

[Event "Winnipeg TNT March op"]
[Site "Winnipeg CAN"]
[Date "2013.03.12"]
[Round "2"]
[White "Samson, Larry"]
[Black "Dykman, Tony"]
[Result "1-0"]
[WhiteElo "1555"]
[BlackElo "1261"]
[PlyCount "43"]
[GameId "2160767909381416"]
[EventDate "2013.03.05"]
[EventType "swiss"]
[EventRounds "4"]
[EventCountry "CAN"]
[SourceTitle "EXT 2022"]
[Source "ChessBase"]
[SourceDate "2021.10.06"]
[SourceVersion "1"]
[SourceVersionDate "2021.10.06"]
[SourceQuality "1"]

1. e4 c5 2. Nf3 d6 3. d4 cxd4 4. Nxd4 a6 5. Nc3 Nf6 6. Bg5 e6 7. f3 Bd7 8. Qd2 Bc6 9. Nxc6 Nxc6 10. O-O-O Be7 11. h4 h6 12. Be3 Qc7 13. Kb1 Rd8 14. Qf2 d5 15. Bb6 Qd6 16. Bxd8 Bxd8 17. exd5 Nxd5 18. Nxd5 exd5 19. Qd2 Ne7 20. Bc4 O-O 21. Bxd5 b5 22. Bxf7+ 1-0

[Event "Winnipeg TNT March op"]
[Site "Winnipeg CAN"]
[Date "2013.03.12"]
[Round "2"]
[White "Smith, Nick J"]
[Black "Wolchock, Theo"]
[Result "1/2-1/2"]
[WhiteElo "1435"]
[BlackElo "1706"]
[PlyCount "64"]
[GameId "2160767909381417"]
[EventDate "2013.03.05"]
[EventType "swiss"]
[EventRounds "4"]
[EventCountry "CAN"]
[SourceTitle "EXT 2022"]
[Source "ChessBase"]
[SourceDate "2021.10.06"]
[SourceVersion "1"]
[SourceVersionDate "2021.10.06"]
[SourceQuality "1"]

1. e4 e5 2. Nf3 Nc6 3. Bb5 Bc5 4. O-O d6 5. d4 exd4 6. Nxd4 Nge7 7. Nc3 O-O 8. Nb3 Bb4 9. Nd5 Nxd5 10. exd5 Ne5 11. Qd4 Bc5 12. Nxc5 Qf6 13. Qf4 dxc5 14. Qxf6 gxf6 15. Re1 Rd8 16. f4 Ng6 17. Re8+ Rxe8 18. Bxe8 Bf5 19. Ba4 a6 20. c4 Rb8 21. Be3 b5 22. cxb5 axb5 23. Bd1 Be4 24. Bf3 Re8 25. Kf2 Bxf3 26. gxf3 Ne7 27. Rd1 Rd8 28. Bxc5 Rxd5 29. Rxd5 Nxd5 30. Kg3 Kg7 31. Kg4 Kg6 32. f5+ Kg7 1/2-1/2

[Event "Winnipeg TNT March op"]
[Site "Winnipeg CAN"]
[Date "2013.03.12"]
[Round "2"]
[White "Towns, Barry"]
[Black "Mandusic, Ante"]
[Result "1-0"]
[WhiteElo "1737"]
[BlackElo "1261"]
[PlyCount "77"]
[GameId "2160767909381418"]
[EventDate "2013.03.05"]
[EventType "swiss"]
[EventRounds "4"]
[EventCountry "CAN"]
[SourceTitle "EXT 2022"]
[Source "ChessBase"]
[SourceDate "2021.10.06"]
[SourceVersion "1"]
[SourceVersionDate "2021.10.06"]
[SourceQuality "1"]

1. e4 e5 2. f4 Nc6 3. Nf3 Bd6 4. Bc4 Nh6 5. O-O O-O 6. d3 Bc5+ 7. Kh1 d6 8. fxe5 Ng4 9. Ng5 Ngxe5 10. Qh5 h6 11. Nxf7 Nxf7 12. Bxf7+ Rxf7 13. Qxf7+ Kh7 14. Nc3 Ne5 15. Qf4 Ng6 16. Qg3 Bd7 17. Nd5 c6 18. Nf4 Qe8 19. Be3 Bxe3 20. Qxe3 Ne5 21. h3 Qe7 22. Qg3 g5 23. Nh5 Rf8 24. Rxf8 Qxf8 25. d4 Ng6 26. Qd3 d5 27. Rf1 Qe8 28. Nf6+ Kh8 29. Nxe8 Bxe8 30. exd5 Nf4 31. Qf5 Bg6 32. Qf6+ Kh7 33. dxc6 bxc6 34. Qe7+ Kg8 35. g3 Kh8 36. gxf4 Bh7 37. fxg5 Bg8 38. gxh6 Bxa2 39. Qg7# 1-0

[Event "Winnipeg TNT March op"]
[Site "Winnipeg CAN"]
[Date "2013.03.19"]
[Round "3"]
[White "Green, Aaron"]
[Black "Towns, Barry"]
[Result "1-0"]
[WhiteElo "2005"]
[BlackElo "1737"]
[PlyCount "67"]
[GameId "2160767909381419"]
[EventDate "2013.03.05"]
[EventType "swiss"]
[EventRounds "4"]
[EventCountry "CAN"]
[SourceTitle "EXT 2022"]
[Source "ChessBase"]
[SourceDate "2021.10.06"]
[SourceVersion "1"]
[SourceVersionDate "2021.10.06"]
[SourceQuality "1"]

1. e4 e5 2. Nf3 Nc6 3. Bb5 a6 4. Bxc6 dxc6 5. O-O Bd6 6. d4 Bg4 7. dxe5 Bxf3 8. Qxf3 Bxe5 9. Nd2 Qf6 10. Qxf6 Nxf6 11. c3 Bf4 12. g3 Bh6 13. f4 O-O-O 14. e5 Nd5 15. Nf3 g6 16. Kf2 Bf8 17. Be3 Nxe3 18. Kxe3 Bc5+ 19. Ke4 Rhe8 20. g4 f5+ 21. gxf5 gxf5+ 22. Kxf5 Rd3 23. Rad1 Rf8+ 24. Kg4 Rg8+ 25. Kh5 Rxd1 26. Rxd1 Rg2 27. e6 Rxb2 28. f5 Be7 29. Rd7 Bd8 30. Rxh7 Rxa2 31. e7 Kd7 32. exd8=Q+ Kxd8 33. f6 a5 34. Rh8+ 1-0

[Event "Winnipeg TNT March op"]
[Site "Winnipeg CAN"]
[Date "2013.03.19"]
[Round "3"]
[White "Kernetsky, Myron"]
[Black "Dawa, Arvin"]
[Result "0-1"]
[WhiteElo "2057"]
[BlackElo "2133"]
[PlyCount "92"]
[GameId "2160767909381420"]
[EventDate "2013.03.05"]
[EventType "swiss"]
[EventRounds "4"]
[EventCountry "CAN"]
[SourceTitle "EXT 2022"]
[Source "ChessBase"]
[SourceDate "2021.10.06"]
[SourceVersion "1"]
[SourceVersionDate "2021.10.06"]
[SourceQuality "1"]

1. d4 Nf6 2. c4 g6 3. Nc3 Bg7 4. e4 d6 5. h3 O-O 6. Be3 e5 7. d5 Nbd7 8. Bd3 c5 9. Nge2 a6 10. Qd2 Rb8 11. a4 Nh5 12. O-O f5 13. exf5 gxf5 14. f4 e4 15. Bc2 Qe7 16. Kh2 Re8 17. Rf2 Nf8 18. Rg1 Ng6 19. g3 b6 20. Rfg2 Kh8 21. Kh1 Nf6 22. Qe1 Ng8 23. Nd1 Bd7 24. Ndc3 Rec8 25. Qc1 b5 26. axb5 axb5 27. cxb5 Bxb5 28. Nxb5 Rxb5 29. Nc3 Rb4 30. Bd1 Rcb8 31. Rc2 Qb7 32. Rgg2 N8e7 33. Qd2 Bd4 34. Qe1 Nxd5 35. Nxd5 Qxd5 36. Rgd2 Rb3 37. Rc3 Rxb2 38. Qe2 Qa2 39. Rcc2 Rxc2 40. Rxc2 Qa1 41. Rd2 Rb1 42. Bg1 Qc3 43. Bh2 Ne7 44. Kg2 d5 45. g4 Qe3 46. gxf5 Qxe2+ 0-1

[Event "Winnipeg TNT March op"]
[Site "Winnipeg CAN"]
[Date "2013.03.19"]
[Round "3"]
[White "Leaden, Bruce"]
[Black "Green, Jim"]
[Result "0-1"]
[WhiteElo "1611"]
[BlackElo "1753"]
[PlyCount "118"]
[GameId "2160767909381421"]
[EventDate "2013.03.05"]
[EventType "swiss"]
[EventRounds "4"]
[EventCountry "CAN"]
[SourceTitle "EXT 2022"]
[Source "ChessBase"]
[SourceDate "2021.10.06"]
[SourceVersion "1"]
[SourceVersionDate "2021.10.06"]
[SourceQuality "1"]

1. e4 Nf6 2. e5 Nd5 3. c4 Nb6 4. Nc3 d6 5. Nf3 Bg4 6. exd6 exd6 7. Be2 Be7 8. O-O O-O 9. b3 Bf6 10. Re1 Nc6 11. a3 Re8 12. h3 Bh5 13. Nh2 Bxe2 14. Rxe2 Nd4 15. Rxe8+ Qxe8 16. Ng4 Nd7 17. Nxf6+ Nxf6 18. Bb2 c6 19. Na4 Ne6 20. Bxf6 gxf6 21. Qg4+ Ng7 22. Kf1 Qe6 23. Qf3 Re8 24. Qe3 Nf5 25. Qxe6 fxe6 26. Rc1 Nd4 27. Rc3 f5 28. f4 b6 29. b4 c5 30. Rg3+ Kf7 31. Nc3 a6 32. b5 axb5 33. Nxb5 Nxb5 34. cxb5 Ra8 35. h4 Ra4 36. Rf3 Kf6 37. g3 c4 38. d4 Ra5 39. Rc3 Rxb5 40. Ke2 Rb3 41. Rxb3 cxb3 42. Kd3 Kg6 43. Kc3 Kh5 44. Kxb3 Kg4 45. Kb4 Kxg3 46. Kb5 Kxf4 47. Kxb6 Ke3 48. a4 f4 49. a5 d5 50. a6 f3 51. a7 f2 52. a8=Q f1=Q 53. Qa3+ Qd3 54. Qc1+ Kxd4 55. Qf4+ Qe4 56. Qf2+ Qe3 57. Qb2+ Kc4+ 58. Kc6 Qc5+ 59. Kd7 Qb5+ 0-1

[Event "Winnipeg TNT March op"]
[Site "Winnipeg CAN"]
[Date "2013.03.19"]
[Round "3"]
[White "Mandusic, Ante"]
[Black "Le Dorze, Philippe"]
[Result "0-1"]
[WhiteElo "1261"]
[BlackElo "1788"]
[PlyCount "52"]
[GameId "2160767909381422"]
[EventDate "2013.03.05"]
[EventType "swiss"]
[EventRounds "4"]
[EventCountry "CAN"]
[SourceTitle "EXT 2022"]
[Source "ChessBase"]
[SourceDate "2021.10.06"]
[SourceVersion "1"]
[SourceVersionDate "2021.10.06"]
[SourceQuality "1"]

1. e4 b6 2. Bd3 Bb7 3. Nf3 e6 4. O-O Nc6 5. a3 Be7 6. b4 Bf6 7. Nc3 Nge7 8. b5 Ne5 9. Be2 d5 10. d4 Nxf3+ 11. Bxf3 dxe4 12. Nxe4 Bxd4 13. Rb1 Rb8 14. Qe2 O-O 15. Rd1 Nf5 16. Bf4 Qe7 17. c3 Bc5 18. Bg5 f6 19. Bd2 Nh4 20. c4 Nxf3+ 21. Qxf3 f5 22. Bg5 Qf7 23. Qe2 fxe4 24. Bh4 Qg6 25. g3 Rxf2 26. Qe1 Rd2+ 0-1